Les 30 joueurs les mieux valorisés de Premier League en 2026 - Statistiques

Statistiques générales
  • Ce quiz a été pris 303 fois
    125 depuis la dernière actualisation
  • Le résultat moyen est 30 sur 36
Statistiques - réponses
Rang Valeur Club Nationalité Joueur % Correct
1 200 M Manchester City Norvège Erling Haaland
100%
9 90 M Arsenal France William Saliba
97%
- 120 M Arsenal Angleterre Bukayo Saka
96%
2 120 M Arsenal Angleterre Declan Rice
96%
- 110 M Liverpool Allemagne Florian Wirtz
96%
7 100 M Liverpool Suède Alexander Isak
95%
4 110 M Chelsea Angleterre Cole Palmer
94%
- 90 M Chelsea Argentine Enzo Fernández
94%
- 110 M Chelsea Équateur Moisés Caicedo
94%
- 65 M Tottenham Pays-Bas Micky Van de Ven
92%
- 65 M Manchester City France Rayan Cherki
90%
- 90 M Liverpool France Hugo Ekitiké
89%
- 80 M Manchester City Angleterre Phil Foden
88%
27 65 M Arsenal Norvège Martin Ødegaard
87%
20 75 M Arsenal Brésil Gabriel Magalhães
86%
- 65 M Arsenal Suède Viktor Gyökeres
85%
- 80 M Manchester United Cameroun Bryan Mbeumo
84%
- 80 M Newcastle Italie Sandro Tonali
84%
- 80 M Liverpool Argentine Alexis Mac Allister
83%
- 65 M Manchester City Espagne Rodri
82%
- 100 M Liverpool Hongrie Dominik Szoboszlai
81%
- 70 M Manchester City Croatie Josko Gvardiol
81%
- 80 M Arsenal Espagne Martín Zubimendi
81%
- 75 M Manchester City Ghana Antoine Semenyo
79%
- 65 M Manchester United Slovénie Benjamin Sesko
79%
- 75 M Chelsea Brésil João Pedro
79%
- 90 M Liverpool Pays-Bas Ryan Gravenberch
78%
- 65 M Liverpool Pays-Bas Cody Gakpo
77%
- 65 M Manchester City Belgique Jérémy Doku
77%
- 65 M Newcastle Allemagne Nick Woltemade
76%
- 70 M Manchester United Brésil Matheus Cunha
73%
- 80 M Chelsea Brésil Estêvão
72%
24 70 M Arsenal Pays-Bas Jurriën Timber
72%
- 75 M Newcastle Brésil Bruno Guimarães
70%
13 80 M Aston Villa Angleterre Morgan Rogers
61%
- 65 M Manchester City Angleterre Marc Guéhi
46%
Aucun quiz correspondant
Distribution des résultats
% des personnes avec chaque résultat
Percentile par nombre de réponses
Votre historique - résultats
Vous n’avez pas pris ce quiz depuis la dernière actualisation